Imaginar la nación : (Registro nro. 21632)
[ vista simple ]
| 000 -Cabecera | |
|---|---|
| Campo de control interno | 00905nam a2200241Ia 4500 |
| 005 - Fecha y hora del registro | |
| control field | 20260416144853.0 |
| 008 - Elementos de Longitud Fija | |
| fixed length control field | 260320s9999||||xx |||||||||||||| ||und|| |
| 020 ## - ISBN | |
| ISBN | 9789972516054 |
| 041 ## - Idioma | |
| Codigo Idioma | ESP |
| 082 ## - DEWEY y NOTACIÓN INTERNA | |
| Dewey | 320.1 |
| Notación Interna | R41 |
| 100 ## - AUTOR | |
| Autor denominación | Rénique, José Luis, |
| Término de relación | autor |
| 245 #0 - TÍTULO DE MATERIAL BIBLIOGRÁFICO | |
| Título | Imaginar la nación : |
| Título paralelo | viajes en busca del "verdadero Perú" (1881-1932) |
| 250 ## - EDICIÓN | |
| Edición | Segunda edición corregida |
| 260 ## - CIUDAD, EDITORIAL, AÑO | |
| Ciudad | Lima : |
| Nombre de la Editorial | Instituto de Estudios Peruanos, |
| Año | 2019 |
| 300 ## - DESCRIPCIÓN | |
| N° Páginas | 430 páginas : |
| Otros detalles | fotografías en blaco y negro: |
| Dimensiones | 23 cm. |
| 440 ## - MENCIÓN DE SERIE | |
| Título de la Serie | (Perú problema |
| Número de Serie | ; número 42) |
| 650 ## - TEMAS | |
| Temas | Ciencias Sociales |
| 653 ## - DESCRIPTORES | |
| Lenguajes no controlado | Ciencia política - Perú - Siglos XIX-XX; Nacionalismo - Perú; Perú - Política y gobierno - Siglo XIX-XX |
| 654 ## - PROGRAMAS | |
| Programa | |
| 856 ## - URL - UBICACIÓN | |
| URI/URL: Enlace exacto del recurso | <a href="https://0u20jwr11-y-https-www-jstor-org.itmsp.museknowledge.com/">https://0u20jwr11-y-https-www-jstor-org.itmsp.museknowledge.com/</a> |
| Nota pública: Versión digital | <a href="Véase además: Base de datos JSTOR">Véase además: Base de datos JSTOR</a> |
| 942 ## - ELEMENTOS DE KOHA | |
| Tipo de documento | Libro |
| Nombre del creador | Justo Noguera |
| Código de catalogador | Margarita Torres |
| Esquema de clasificación | Dewey Decimal Classification |
| Codigo completo | Registro | Colección | Copia número | Disponibilidad | Tipo de préstamo | Biblioteca Actual | Procedencia (Biblioteca) | Ubicacón | Fecha Ingreso | Tipo de Adquisición | Observación | Date last seen | Total checkouts | Price effective from | Tipo de Item | Estado del Material | Fuente de Clasificación | Damaged status | Withdrawn status |
|---|---|---|---|---|---|---|---|---|---|---|---|---|---|---|---|---|---|---|---|
| 320.1 R41 | 1085179 | Universidad Católica San Pablo | 1 | Disponible | Disponible | Víctor Andrés Belaunde | Víctor Andrés Belaunde | Planta baja abierta | 10/03/2026 | Compra | Humanidades | 20/03/2026 | 20/03/2026 | Libro | Bueno | Dewey Decimal Classification |




